00317nam a2200121Ia 4500008004100000020001400041050001500055100002100070245003100091260003600122300002400158650001300182150202s9999 xx 000 0 und d a586208038 aFIC bFIC  aLudlum, Robert.  aTrevayne /cRobert Ludlum. aLondon :bGrafton Books,c1989. a530 pages :c18 cm. aFiction.